Hospodárska situácia podniku a možnosti zlepšovania jeho finančných výsledkov.

Ekonomická analýza a jej hodnotenie - jeden z najdôležitejších nástrojov zlepšovania finančných výsledkov podniku. Hlavný cieľ - zisk podniku. Funkcia a fungovanie peňazí v obchodnom živote. Pohyb peňazí. Evidencia a meranie obchodných výkonov a výnosov. Finančné výkazy - najdôležitejšie sú súvaha (...

Descrizione completa

Salvato in:
Dettagli Bibliografici
Autore principale: Jassinger, A.
Natura: Capitolo di libro
Lingua:slovacco
Soggetti:
Tags: Aggiungi Tag
Nessun Tag, puoi essere il primo ad aggiungerne!!

MARC

LEADER 00000naa a2200000 4500
001 r012159
005 20220831094621.1
041 0 |a slo 
044 |a SK 
245 1 0 |a Hospodárska situácia podniku a možnosti zlepšovania jeho finančných výsledkov.  |c A. Jassinger 
520 |a Ekonomická analýza a jej hodnotenie - jeden z najdôležitejších nástrojov zlepšovania finančných výsledkov podniku. Hlavný cieľ - zisk podniku. Funkcia a fungovanie peňazí v obchodnom živote. Pohyb peňazí. Evidencia a meranie obchodných výkonov a výnosov. Finančné výkazy - najdôležitejšie sú súvaha (rozvaha) a výsledovka (výkaz zisku a strát). 
610 2 0 |a hospodárenie podnikové 
610 2 0 |a hospodárenie finančné 
610 2 0 |a zisk podnikový 
610 2 0 |a strata 
610 2 0 |a súvaha 
610 2 0 |a výsledovka 
100 1 |a Jassinger, A.